Gender
Αποθηκεύτηκε σε:
| Άλλοι συγγραφείς: | |
|---|---|
| Μορφή: | Βιβλίο |
| Γλώσσα: | English |
| Δημοσίευση: |
New York :
Humanity Books,
c1999
|
| Σειρά: | Key concepts in critical theory
|
| Θέματα: | |
| Ετικέτες: |
Προσθήκη ετικέτας
Δεν υπάρχουν, Καταχωρήστε ετικέτα πρώτοι!
|
MARC
| LEADER | 00000nam a2200000 i 4500 | ||
|---|---|---|---|
| 001 | 1/99240 | ||
| 008 | 000127s1999 eng d | ||
| 020 | |a 1-57392-590-x | ||
| 035 | |l 10056809 | ||
| 040 | |a GR-MY-UA |b gre |e aacr | ||
| 041 | 0 | |a eng | |
| 082 | 0 | |a 305.3 | |
| 245 | 1 | 0 | |a Gender / |c edited by Carol C. Gould |
| 260 | |a New York : |b Humanity Books, |c c1999 | ||
| 300 | |a 485 p. | ||
| 490 | 1 | |a Key concepts in critical theory | |
| 500 | |a Originally published: Atlantic Highlands, NJ: Humanities Press International, Inc., 1997 | ||
| 504 | |a Includes bibliographical references and index | ||
| 650 | 0 | 0 | |a Sex role. |
| 650 | 0 | 0 | |a Sex differences. |
| 650 | 0 | 0 | |a Sexual harassment. |
| 650 | 0 | 0 | |a Feminist theory. |
| 700 | 1 | |a Gould, Carol C. |4 edt | |
| 830 | 0 | |a Key concepts in critical theory | |
| 852 | |a INST |b LESVOS |e 20000127 |h 305.3 GEN |p 005100021999 |q 005100021999 |t BK |y 0 | ||
| 901 | |a BIBL1-2000-1 | ||
| 909 | |a Λ |b 073305 | ||
| 922 | |a 1ΕΛΗ |b 200001 |c ΚΠΣ/ΤΚΑ |d LEADER | ||
| 950 | |a 117-1999-07-28 | ||
| 970 | |a ΤΖΑΦΕΡΗ |b ΕΥΑΓΓΕΛΙΑ |z 2000/02/01 | ||